000
00228 a2200097 4500
001
5123
100
_a
American Institute
245
_a
american institute of physics hand book
260
_a
_b
McGraw Hill
_c
090
_c
4262
_d
4262
942
_a
NUST-CAE
_c
M
_c
30559
999
_c
240196
_d
240196